| 000 | 00843nam a2200217Ia 4500 | ||
|---|---|---|---|
| 008 | 191130s2008##################000#0#eng## | ||
| 020 | _a9780230573475 | ||
| 040 |
_aACL _cACL |
||
| 082 | _a361.26 HID | ||
| 245 |
_aHumanitarian response index 2007 _cDARA, Development Assistance Research Associates ; [ed. by] Silvia Hidalgo, Augusto López-Claros |
||
| 260 |
_aBasingstoke, Hampshire _bPalgrave Macmillan _c2008 |
||
| 300 | _a1 v. (XIV-214 p.) : ill. ; 28 cm | ||
| 500 | _aInclude glossary with about the author | ||
| 650 | _aAide humanitaire -- Cas, Études de | ||
| 650 | _aAide humanitaire -- Évaluation | ||
| 650 | _aHumanitarian assistance | ||
| 700 | _aHidalgo, Silvia; Lopez-Claros, Augusto; Development Assistance Research Associates | ||
| 990 | _ade161c38ac10000c70f76313be3edc50 | ||
| 991 | _a242801 | ||
| 999 |
_c209477 _d209477 |
||